| 000 | 00831nam a2200277 c 4500 | ||
|---|---|---|---|
| 003 | BLK | ||
| 005 | 20190913121317.0 | ||
| 008 | 180911b bul|||||r ||||||| ||bul|| | ||
| 010 | _a004423 | ||
| 040 | _aBLK | ||
| 041 | _aFRE | ||
| 080 | _z840-34 | ||
| 100 | 1 |
_aPERRAULT, Charles _eпърви автор |
|
| 245 | 0 | 0 | _aContes en vers et en prose |
| 246 | _pепос-приказки | ||
| 260 |
_aParis _bErnest Flammarion _cs.a _fImpr. E. Grevin |
||
| 300 |
_a390 с _c18 см |
||
| 380 | _a82 | ||
| 490 |
_aЧастна колекция - Академик Михаил Арнаудов _gДарение - Основен фонд |
||
| 653 |
_9 _aепос |
||
| 653 |
_9 _aприказки |
||
| 655 | _aфренска литература | ||
| 700 | 1 | _aCharles Perrault | |
| 852 | _aМА 3337 | ||
| 942 |
_cKNG _n0 |
||
| 944 |
_aCR _c1994 |
||
| 999 |
_c344757 _d344757 |
||